|
|
|
|
| LEADER |
00000cam a2200000 a 4500 |
| 001 |
vtls001438463 |
| 003 |
SK-MaSNL |
| 005 |
20260301202903.0 |
| 008 |
240226s2001 xo a grfn 000 0 slo |
| 015 |
|
|
|a SNBA2001
|
| 020 |
|
|
|a 8089055117
|
| 035 |
|
|
|a SNK000393595
|
| 035 |
|
|
|a urn:nbn:sk:snk-am3iqjl
|
| 035 |
|
|
|a 7498267F-8269-4B42-8F61-5851815D543D
|
| 035 |
|
|
|a urn:nbn:sk:snk-am00fe3e
|
| 040 |
|
|
|a SNK
|b slo
|c SNK
|e AACR2
|
| 041 |
0 |
|
|a slo
|
| 044 |
|
|
|a xo
|c SK
|
| 072 |
|
7 |
|a 159.95
|x Vyššie duševné procesy
|2 konspekt
|
| 080 |
|
|
|a 316.346.32-053.4
|2 2011
|
| 080 |
|
|
|a 159.954
|2 2011
|
| 080 |
|
|
|a (035)
|2 2011
|
| 100 |
1 |
|
|a Šimová, Gabriela
|4 aut
|9 11700
|
| 245 |
1 |
0 |
|a Tvorivé dieťa predškolského veku
|c Gabriela Šimová, Jarmila Dargová
|
| 250 |
|
|
|a 1. vydanie
|
| 260 |
|
|
|a Prešov
|b Rokus
|c 2001
|
| 300 |
|
|
|a 64 strán, 11 nečíslovaných strán obrazových príloh
|b ilustrácie
|c 21 cm
|
| 504 |
|
|
|a Bibliografia na strane 62-64
|
| 650 |
0 |
7 |
|a deti predškolského veku
|2 SNKPH
|9 4103
|
| 650 |
0 |
7 |
|a kreativita
|2 SNKPH
|9 4339
|
| 650 |
0 |
7 |
|a Preschool children
|2 SNKPHeng
|9 306219
|
| 650 |
0 |
7 |
|a Creative ability
|2 SNKPHeng
|9 274857
|
| 655 |
|
7 |
|a príručky
|2 SNKPH
|9 74364
|
| 655 |
|
7 |
|a Handbooks, manuals, etc.
|2 SNKPHeng
|9 90964
|
| 700 |
1 |
|
|a Dargová, Jarmila
|4 aut
|9 16573
|
| 919 |
|
|
|a 80-89055-11-7
|
| 958 |
|
|
|a OND
|
| 958 |
|
|
|a NB
|
| 999 |
|
|
|c 900577
|d 902507
|
| 952 |
|
|
|t P60, <03>, [BOOK], {603}
|a SNK
|b SNK
|y PREZ
|7 0
|p 17A0352036
|o snkSC 108808
|i snkKSP 9235/2002
|0 0
|1 0
|4 0
|d 2002-08-02
|f 1
|l 0
|r 2025-09-30 00:00:00
|w 2026-02-24
|
| 952 |
|
|
|t P60, <04>, [BOOK], {604}
|a SNK
|b SNK
|y VYP
|7 0
|p 17A0352037
|o snkSC 108808 D1
|i snkKSP 9236/2002
|0 0
|1 0
|4 0
|d 2002-08-02
|l 0
|r 2005-01-02 00:00:00
|w 2026-02-24
|
| 952 |
|
|
|t snkSIM 373.2
|a SNKUST
|b SNKUST
|y PREZ
|7 0
|p 17A0356172
|o snkSC 108808 D2
|i snkKSP 10923/2002
|0 0
|1 0
|4 0
|d 2002-09-09
|l 0
|r 2025-03-19 00:00:00
|w 2026-02-24
|